000 00301nam a22001217a 4500
008 170303b xxu||||| |||| 00| 0 alb d
041 _aalb
080 _a616.073
100 _a6
101 _aSHM
245 _aRENTGENDIAGNOSTICA E SEMUNDJEVE TE ORGANEVE TE FRYMEMARRJES
_cSELENICA, P
942 _2udc
_cBK
999 _c6700
_d6700